000 00941nam a2200313 a 4500
001 000024770
003 OSt
005 20250211114738.0
008 110203s1996 ve r 000 0 spa d
020 _a9803540297
040 _aDO-SdBNP
_bspa
_cBNPHU
082 _a306.872
_bS454a
100 1 _aSegnini, Isbelia M.
_950840
245 1 0 _aAdán y Eva en búsquedad de la felicidad /
_cIsbelia M. Segnini.
260 _aCaracas :
_bAlfadil Ediciones,
_c1996.
300 _a119, [4] p. ;
_c23 cm.
490 1 _aVida alternativa
_v9
500 _aIncluye datos del autor en la solapa de la cubierta
504 _aBibliografía p. 117-119
590 _aInventariado, 2020/ YL
650 0 _aMatrimonio
_9797
650 4 _aAmor libre
_950841
650 4 _aEducación para la vida familiar
_92729
650 0 _aFamilias
_9795
830 _aVida alternativa
_940327
_n9
910 _aEn proceso
942 _2ddc
_cLF1
956 _aYLOCKWARD
999 _c24263
_d24263